000 00588nam a22001937a 4500
005 20130715120152.0
010 _aENG-107977
020 _a9788120347878
_c795.00
035 _aEN-91510
037 _bDBAD/PUB
100 _aChatfield, Carl
245 _aMicrosoft project 2013 :
_cby Carl Chatfield [and] Timothy Johnson
_bstep by step /
260 _aDelhi
_bPHI Learning
_c2013
270 _aRimjhim house,111, Patparganj Industrial Estate,
_bDelhi
_e110092
300 _axv,557p. :
_c28cm(pbk)
_bill.
500 _aIncludes index
700 _aJohnson, Timothy
942 _2ddc
_cEN
_mCHA
999 _c77469
_d77469